00556nam a2200217Ia 450000500170000000800460001702000180006303700100008104000080009104000080009904000080010704100080011504100080012308400080013110000120013924500470015126000310019826000090022965000220023885600780026020260306153712.0008 260114s9999 xx 000 0 eng d a9781474410328 aEBOOK aCRL beng cCRL 2eng aeng qCRL aDanchev 0aOn Good and Evil and the Grey Zone 1st ed bEdinburgh University Press c2016 aPolitical Science uhttps://www.cambridge.org/core/product/identifier/9781474410328/type/BOOK